000 00541nam a2200193Ia 4500
008 120914t2008 xxu||||| |||| 00| 0 sin d
041 _asin
080 _a8 - 31 (eng)
_bKIP
100 _aKipling.Rudyard
245 _aහස්ති රංගන
246 _aHasthi Rangana
260 _aS. Godage
_aColombo
_c2008
300 _b216p, 21 cm
500 _aSinhalese Translation of Rudyard Kipling's of The Jungle Book
700 _aSaluwadana,J. C.
_etr.
942 _cBK
999 _c41670
_d41670
003 LK-CoDNM
040 _aLK-CoDNM
_dLK-CoDNM
_eLK-CoDNM